| 000 | 01137nam a22002894a 4500 | ||
|---|---|---|---|
| 001 | ebr10007010 | ||
| 003 | CaPaEBR | ||
| 006 | m u | ||
| 007 | cr cn||||||||| | ||
| 008 | 001106s2001 nju sf 001 0 eng | ||
| 010 | _z 00065103 | ||
| 020 | _z1564145077 (cloth) | ||
| 040 |
_aCaPaEBR _cCaPaEBR |
||
| 035 | _a(OCoLC)70768718 | ||
| 050 | 1 | 4 |
_aHF5415.1265 _b.C64 2001eb |
| 082 | 0 | 4 |
_a658.8/4 _221 |
| 100 | 1 | _aColombo, George W. | |
| 245 | 1 | 0 |
_aCapturing customers.com _h[electronic resource] : _bradical strategies for selling and marketing in a wired world / _cby George Columbo. |
| 260 |
_aFranklin Lakes, NJ : _bCareer Press, _cc2001. |
||
| 300 | _a223 p. | ||
| 500 | _aIncludes index. | ||
| 533 |
_aElectronic reproduction. _bPalo Alto, Calif. : _cebrary, _d2013. _nAvailable via World Wide Web. _nAccess may be limited to ebrary affiliated libraries. |
||
| 650 | 0 |
_aInternet marketing _vHandbooks, manuals, etc. |
|
| 655 | 7 |
_aElectronic books. _2local |
|
| 710 | 2 | _aebrary, Inc. | |
| 856 | 4 | 0 |
_uhttp://site.ebrary.com/lib/rucke/Doc?id=10007010 _zAn electronic book accessible through the World Wide Web; click to view |
| 999 |
_c368 _d368 |
||